Vista normal
Vista MARC
Entrada Personal Name
Número de registros utilizados en: 1
001 - CONTROL NUMBER
- control field: 17043
003 - CONTROL NUMBER IDENTIFIER
- control field: DLC
005 - DATE AND TIME OF LATEST TRANSACTION
- control field: 20250509094511.0
008 - FIXED-LENGTH DATA ELEMENTS
- fixed length control field: 010702n| acannaabn |a aaa c
010 ## - LIBRARY OF CONGRESS CONTROL NUMBER
- LC control number: nr2001025890
040 ## - CATALOGING SOURCE
- Original cataloging agency: CtY
- Language of cataloging: spa
- Transcribing agency: Mx-PuUPA
- Modifying agency: Mx-PuUPA
- Description conventions: rda
046 ## - SPECIAL CODED DATES
- Birth date: 1945
100 1# - HEADING--PERSONAL NAME
- Personal name: Meneses Ruiz, José Mario Tomás,
- Dates associated with a name: 1945-
374 ## - OCCUPATION
- Occupation: Autor
375 ## - GENDER
- Gender: hombre
377 ## - ASSOCIATED LANGUAGE
- Language code: spa
400 1# - SEE FROM TRACING--PERSONAL NAME
- Personal name: Ruiz, José Mario Tomás Meneses,
- Dates associated with a name: 1945-
670 ## - SOURCE DATA FOUND
- Source citation: Las sucesiones presidenciales en México, 1999:
- Information found: t.p. (José Mario Tomás Meneses Ruiz) p. 2 of cover (b. Puebla [Mexico], 8 Nov. 1945; economist)